Statistiques concernant Quiz drapeau #2 Difficulté croissante

Cliquez ici pour prendre le quiz!

Statistiques générales

  • Ce quiz a été pris 168 fois
  • Le résultat moyen est 14 sur 16

Statistiques - réponses

Réponse% Correct
Allemagne
99%
Canada
99%
Espagne
99%
France
99%
Italie
99%
Russie
99%
Chine
98%
Argentine
97%
Inde
97%
Mexique
97%
Arabie
92%
Indonésie
79%
Colombie
78%
Philippines
64%
Madagascar
54%
Comores
49%

Distribution des résultats

Percentile par nombre de réponses

% des personnes avec chaque résultat

Votre développement - résultats

Vous n’avez pas pris ce quiz